| 000 | 01086cam a2200289 4500 | ||
|---|---|---|---|
| 001 | WB@3612-371 | ||
| 008 | 040707n2004 000 0 eng u | ||
| 035 | _a(Sirsi) u126723 | ||
| 245 | _aHousing law overhaul | ||
| 260 | _c2004 | ||
| 490 |
_aInside Housing _v21(26) 2 July 2004, 7(1) |
||
| 520 | _aA shake-up of housing law is likely after government asked the Law Commission to study how housing disputes are resolved and to create a simple and fair system. The three year study will look at everyday problems faced by social housing residents and landlords such as possession proceedings, and failure to pay rent. It will also look at reducing costs by using tribunals to replace courts in resolving disputes. | ||
| 590 | _aWB | ||
| 590 | _aWB | ||
| 650 | _aHOUSING LAW | ||
| 650 | _aHOUSING DISPUTES | ||
| 650 | _aTENANTS | ||
| 650 | _aLANDLORDS | ||
| 650 | _aRENT ARREARS | ||
| 650 | _aPOSSESSION PROCEEDINGS | ||
| 650 | _aANTI-SOCIAL BEHAVIOUR | ||
| 650 | _aCOST CUTTING | ||
| 650 | _aREFORM | ||
| 650 | _aTRIBUNALS | ||
| 690 | _aHOUSING | ||
| 942 | _n0 | ||
| 999 |
_c117660 _d117660 |
||